000 00469nam a2200181Ia 4500
001 2863
005 20260306144838.0
008 260306t1943||||xx |||||||||||||| ||spa||
041 _aESP
082 _a230.8
_bP59M
100 _aPío XII, Papa, [1876-1958]
_eAUT
245 0 _aMistici corporis:
_bcarta encíclica de su Santidad el Papa Pío XII
260 _c1943
300 _a59 páginas :
_c17 cm.
650 _aGEN
654 _aCHU
942 _cFOL
_dJUS
_fJUS
_2ddc
_n
999 _c2863
_d2863